000 00422nam a2200181Ia 4500
001 19783
005 20260306172718.0
008 260306t1992||||xx |||||||||||||| ||spa||
041 _aESP
082 _a341.1
_bF52
100 _aFinnis, John
_eAUT
245 0 _aLey natural y derechos naturales
260 _c1992
300 _a455 páginas :
_c23 cm.
650 _aGEN
654 _aCDE
942 _cLIB
_dJUS
_fJUS
_2ddc
_n
999 _c19783
_d19783